00483nam a22001577a 4500999001900000020001800019040000900037082001300046100002300059245006100082260004900143300001600192500000800208942001200216952009700228 c524210d524210 a9787300246239 cNUST a327bMIF aMifen yang 915025 aOpinion of china : Insight international hotspot Issues  aChina bChina renmin university press c2017 aill,264,p,: aP.B 2ddccBK 00102ddc4070aCLbCLcCHISTd2019-06-18m3o327 MIFpCL-D-380r2022-03-17w2019-06-18yBK